[Event "Novo Mesto op"]
[Site "Novo Mesto"]
[Date "2023.10.31"]
[Round "5"]
[White "Vogrin, Aljaz"]
[Black "Keber, Aljosa"]
[Result "0-1"]
[WhiteElo "1633"]
[BlackElo "1861"]
[PlyCount "68"]
[EventDate "2023.10.28"]
[EventType "swiss"]
[EventRounds "9"]
[EventCountry "SLO"]
[SourceTitle "CB48_2023"]
[SourceDate "2023.11.29"]
[SourceVersion "1"]
[SourceVersionDate "2023.11.29"]
[SourceQuality "1"]

1. d4 d5 2. c4 e6 3. Nc3 Be7 4. Nf3 Nf6 5. Bg5 h6 6. Bh4 0-0 7. e3 Nbd7 8. Bd3 dxc4 9. Bxc4 a6 10. a4 c5 11. 0-0 cxd4 12. Nxd4 Ne5 13. Bb3 Qa5 14. Qe2 Ng6 15. Bg3 Bd7 16. Bc2 Nh8 17. Nf3 Rac8 18. Ne5 Bc6 19. f4 g6 20. Bh4 Nd5 21. Bxe7 Nxe7 22. Ng4 Kg7 23. Qf2 h5 24. Ne5 Qb4 25. g4 Qxb2 26. Nd1 Qxa1 27. gxh5 Bxa4 28. Qh4 f6 29. hxg6 Nhxg6 30. Bxg6 Nxg6 31. Nxg6 Kxg6 32. Nf2 Rc1 33. f5+ exf5 34. Qg3+ Kf7 0-1

[Event "Novo Mesto op"]
[Site "Novo Mesto"]
[Date "2023.10.30"]
[Round "4"]
[White "Keber, Aljosa"]
[Black "Zirkelbach, Maj"]
[Result "0-1"]
[WhiteElo "1861"]
[BlackElo "2277"]
[PlyCount "60"]
[EventDate "2023.10.28"]
[EventType "swiss"]
[EventRounds "9"]
[EventCountry "SLO"]
[SourceTitle "CB48_2023"]
[SourceDate "2023.11.29"]
[SourceVersion "1"]
[SourceVersionDate "2023.11.29"]
[SourceQuality "1"]

1. d4 Nf6 2. Bf4 d5 3. Nf3 e6 4. e3 c5 5. c3 Nc6 6. Nbd2 cxd4 7. exd4 Nh5 8. Be3 Bd6 9. Ne5 g6 10. Nd3 Qc7 11. g3 0-0 12. Bg2 f5 13. f4 Nf6 14. a4 b6 15. Ne5 Ba6 16. Rc1 Bxe5 17. dxe5 Nxe5 18. fxe5 Qxe5 19. Qf3 Ng4 20. Nf1 Bxf1 21. Bxf1 Nxe3 22. Kd2 d4 23. cxd4 Qxd4+ 24. Bd3 Nd5 25. Rhe1 e5 26. Rc4 Qxb2+ 27. Kd1 e4 28. Bxe4 fxe4 29. Qxe4 Rad8 30. Qe6+ Rf7 0-1

[Event "Novo Mesto op"]
[Site "Novo Mesto"]
[Date "2023.10.29"]
[Round "2"]
[White "Keber, Aljosa"]
[Black "Vukovojac, Vedran"]
[Result "1-0"]
[WhiteElo "1861"]
[BlackElo "1868"]
[PlyCount "69"]
[EventDate "2023.10.28"]
[EventType "swiss"]
[EventRounds "9"]
[EventCountry "SLO"]
[SourceTitle "CB48_2023"]
[SourceDate "2023.11.29"]
[SourceVersion "1"]
[SourceVersionDate "2023.11.29"]
[SourceQuality "1"]

1. e4 e5 2. Nf3 Nf6 3. d4 Nxe4 4. Bd3 d5 5. Nxe5 Nd7 6. Nc3 Nxc3 7. bxc3 Nxe5 8. dxe5 Bc5 9. Qh5 h6 10. 0-0 Be6 11. Rb1 Qd7 12. Kh1 c6 13. f4 g6 14. Qh4 b6 15. Bd2 h5 16. f5 Bxf5 17. Bxf5 gxf5 18. Qf6 Rh7 19. e6 fxe6 20. Rbe1 Qf7 21. Rxe6+ Kd7 22. Rxc6 Rf8 23. Qxf7+ Rfxf7 24. Rg6 h4 25. h3 Be7 26. Rf4 Bc5 27. Rf3 Rh8 28. Rd3 d4 29. cxd4 Bd6 30. c4 Re8 31. c5 Bc7 32. c6+ Kc8 33. d5 Bg3 34. d6 Rd8 35. Bg5 1-0

[Event "EU-ch U14 rapid"]
[Site "Terme Catez"]
[Date "2023.09.28"]
[Round "3"]
[White "Kozlovic, Jernej"]
[Black "Keber, Aljosa"]
[Result "0-1"]
[WhiteElo "1975"]
[BlackElo "1824"]
[PlyCount "126"]
[EventDate "2023.09.28"]
[EventType "swiss (rapid)"]
[EventRounds "9"]
[EventCountry "SLO"]
[SourceTitle "EXT 2024"]
[Source "ChessBase"]
[SourceDate "2023.10.10"]
[SourceVersion "1"]
[SourceVersionDate "2023.10.10"]
[SourceQuality "1"]

1. d4 d5 2. c4 e6 3. cxd5 exd5 4. Nc3 Be7 5. Nf3 Nf6 6. Bg5 c6 7. e3 0-0 8. Bd3 Re8 9. 0-0 h6 10. Bf4 Nbd7 11. h3 Bf8 12. Rb1 a5 13. Qc2 Qe7 14. Rfe1 Ne4 15. Bxe4 dxe4 16. Nd2 Nf6 17. Be5 Nd7 18. Bg3 Nf6 19. a3 Bf5 20. f3 Bg6 21. Ncxe4 Nxe4 22. fxe4 Bxe4 23. Nxe4 Qxe4 24. Qxe4 Rxe4 25. Kf2 a4 26. Kf3 Re6 27. Rbc1 Ra5 28. e4 Rb5 29. Rc2 Rf6+ 30. Ke2 Rg6 31. Kf2 Rb3 32. Be5 Be7 33. Re3 Rxg2+ 34. Kxg2 Rxe3 35. Rc4 Rxe4 36. Kf3 Re1 37. Rxa4 Rb1 38. d5 cxd5 39. Ra7 Bc5 40. Rxb7 Rf1+ 41. Kg2 Rf2+ 42. Kg3 Re2 43. Bc7 Re3+ 44. Kg2 d4 45. Bf4 Re2+ 46. Kf3 Rc2 47. b4 Bf8 48. Ke4 Rc3 49. Rb8 d3 50. a4 Rc4+ 51. Ke3 d2 52. Rxf8+ Kxf8 53. Bd6+ Ke8 54. Kxd2 Rd4+ 55. Kc3 Rxd6 56. Kc4 Kd7 57. Kc5 Kc7 58. a5 Rd1 59. a6 Ra1 60. b5 Rc1+ 61. Kd5 Kb6 62. Kd6 Kxb5 63. Ke7 Rc7+ 0-1

[Event "SLO-ch 33rd"]
[Site "Radenci"]
[Date "2023.04.30"]
[Round "7"]
[White "Plaskan, Jure"]
[Black "Keber, Aljosa"]
[Result "1-0"]
[WhiteElo "2258"]
[BlackElo "1802"]
[PlyCount "99"]
[EventDate "2023.04.25"]
[EventType "team-match"]
[EventRounds "9"]
[EventCountry "SLO"]
[SourceTitle "CBM 214 Extra"]
[Source "ChessBase"]
[SourceDate "2023.07.31"]
[SourceVersion "1"]
[SourceVersionDate "2023.07.31"]
[SourceQuality "1"]

1. e4 c5 2. Nf3 d6 3. d4 cxd4 4. Nxd4 Nf6 5. f3 e5 6. Nb3 d5 7. Bg5 Be6 8. Bxf6 gxf6 9. exd5 Qxd5 10. Qxd5 Bxd5 11. Nc3 Be6 12. 0-0-0 Nc6 13. Bb5 Rc8 14. Kb1 a6 15. Bd3 f5 16. a3 f6 17. Ne2 Kf7 18. Ng3 Ne7 19. Rhe1 Bh6 20. Na5 Rc7 21. Re2 Bg5 22. Rh1 Rd8 23. b3 Nd5 24. Rf2 Be3 25. Rff1 f4 26. Ne4 Nc3+ 27. Nxc3 Rxc3 28. Rd1 b5 29. Be4 Rxd1+ 30. Rxd1 f5 31. Bb7 Bb6 32. Nc6 e4 33. Kb2 Re3 34. Bxa6 Re2 35. Bxb5 Rxg2 36. a4 e3 37. a5 Bc7 38. a6 Bb6 39. a7 Bxa7 40. Nxa7 Rxh2 41. Nc6 Rd2 42. Rxd2 exd2 43. Be2 Bd5 44. Nd4 h5 45. Kc3 Kf6 46. Kxd2 Kg5 47. Bf1 h4 48. c4 Bxf3 49. Nxf3+ Kg4 50. Nxh4 1-0

[Event "SLO-ch 33rd"]
[Site "Radenci"]
[Date "2023.04.29"]
[Round "6"]
[White "Keber, Aljosa"]
[Black "Javornik, Nik"]
[Result "1-0"]
[WhiteElo "1802"]
[BlackElo "2139"]
[PlyCount "137"]
[EventDate "2023.04.25"]
[EventType "team-match"]
[EventRounds "9"]
[EventCountry "SLO"]
[SourceTitle "CBM 214 Extra"]
[Source "ChessBase"]
[SourceDate "2023.07.31"]
[SourceVersion "1"]
[SourceVersionDate "2023.07.31"]
[SourceQuality "1"]

1. d4 Nf6 2. c4 g6 3. h4 c5 4. d5 d6 5. Nc3 Bg7 6. e4 e6 7. Be2 exd5 8. exd5 Nbd7 9. h5 Nxh5 10. Bxh5 gxh5 11. Qe2+ Qe7 12. Qxe7+ Kxe7 13. Bg5+ f6 14. Be3 Ne5 15. b3 a6 16. Nge2 f5 17. Kd2 Bd7 18. Nf4 Ng6 19. Nxh5 Be5 20. f4 Bf6 21. Rae1 Kf7 22. Nxf6 Kxf6 23. g4 Rae8 24. g5+ Kg7 25. Rh6 b5 26. Ne2 bxc4 27. bxc4 Re4 28. Ng3 Rxc4 29. Reh1 Ra4 30. Nh5+ Kf7 31. Nf6 Rxa2+ 32. Kc3 Bb5 33. Rxh7+ Rxh7 34. Rxh7+ Kf8 35. Nd7+ Ke8 36. Nf6+ Kd8 37. Rh6 Ra3+ 38. Kd2 Nf8 39. Rh8 Ke7 40. Ng8+ Ke8 41. Nh6 Rd3+ 42. Ke2 Rxd5+ 43. Kf2 Ke7 44. Ng8+ Kf7 45. Nh6+ Ke7 46. Ng8+ Ke6 47. Nf6 Ng6 48. Rh6 Ne7 49. Nxd5+ Kxd5 50. g6 Bc4 51. g7 a5 52. Rh8 Kc6 53. Ra8 d5 54. g8Q Nxg8 55. Rxg8 d4 56. Rg6+ Kb5 57. Bc1 Bd3 58. Ke1 c4 59. Rd6 Kb4 60. Kd2 a4 61. Rxd4 a3 62. Rxd3 cxd3 63. Kxd3 a2 64. Bb2 Kc5 65. Ke3 Kc4 66. Be5 Kc5 67. Kd3 Kd5 68. Kc2 Ke4 69. Kb2 1-0

[Event "SLO-ch 33rd"]
[Site "Radenci"]
[Date "2023.04.25"]
[Round "1"]
[White "Tratar, Marko"]
[Black "Keber, Aljosa"]
[Result "1-0"]
[WhiteElo "2392"]
[BlackElo "1802"]
[PlyCount "53"]
[EventDate "2023.04.25"]
[EventType "team-match"]
[EventRounds "9"]
[EventCountry "SLO"]
[SourceTitle "CBM 214 Extra"]
[Source "ChessBase"]
[SourceDate "2023.07.31"]
[SourceVersion "1"]
[SourceVersionDate "2023.07.31"]
[SourceQuality "1"]

1. c4 e5 2. g3 Nf6 3. Bg2 d5 4. cxd5 Nxd5 5. Nc3 Nb6 6. d3 Be7 7. Be3 0-0 8. Rc1 Re8 9. a3 Bf8 10. Qc2 Kh8 11. h4 h6 12. Rd1 c6 13. Nf3 Nd5 14. Bd2 Bg4 15. d4 e4 16. Ne5 Rxe5 17. dxe5 Qb6 18. Bxe4 Nd7 19. Nxd5 cxd5 20. Bxd5 Bc5 21. 0-0 Bxe2 22. Bc3 Bxf1 23. Kxf1 Rc8 24. Qf5 Qb5+ 25. Kg2 Nb6 26. Be4 g6 27. e6+ 1-0

[Event "Ljubljana-chT 75th"]
[Site "Ljubljana"]
[Date "2023.03.16"]
[Round "8.1"]
[White "Keber, Aljosa"]
[Black "Sfiligoj, Anze"]
[Result "1-0"]
[WhiteElo "1876"]
[BlackElo "1688"]
[PlyCount "101"]
[EventDate "2023.01.12"]
[EventType "team-swiss"]
[EventRounds "9"]
[EventCountry "SLO"]
[SourceTitle "EXT 2024"]
[Source "ChessBase"]
[SourceDate "2023.10.10"]
[SourceVersion "1"]
[SourceVersionDate "2023.10.10"]
[SourceQuality "1"]
[WhiteTeam "Komenda Pogi"]
[BlackTeam "Ljubljana SK"]
[WhiteTeamCountry "SLO"]
[BlackTeamCountry "SLO"]

1. e4 e5 2. Nf3 Nc6 3. Bb5 a6 4. Ba4 Nf6 5. 0-0 b5 6. Bb3 Bc5 7. c3 d6 8. d4 Bb6 9. Re1 Bg4 10. Bd5 Nxd5 11. exd5 Ne7 12. dxe5 dxe5 13. Rxe5 0-0 14. h3 f6 15. Re1 Bh5 16. d6 cxd6 17. Bf4 d5 18. Na3 Nc6 19. Nc2 Qd7 20. Qd3 Bg6 21. Qd2 Rfe8 22. Be3 Bc7 23. Rad1 Be4 24. Ncd4 Ne5 25. Nxe5 fxe5 26. Nb3 Rad8 27. f3 Bxf3 28. gxf3 Qxh3 29. Qg2 Qf5 30. Qg4 Qf7 31. Re2 Re6 32. Rg2 Rg6 33. Qh3 Rxg2+ 34. Qxg2 a5 35. Rd2 a4 36. Nc1 d4 37. cxd4 exd4 38. Bxd4 Bf4 39. Rc2 h6 40. Ne2 Qd7 41. a3 Be3+ 42. Bxe3 Qd1+ 43. Kf2 Qxc2 44. Bxh6 Qxb2 45. Bg5 Rf8 46. Be7 Re8 47. Qg5 b4 48. Qd5+ Kh8 49. Qh5+ Kg8 50. Qxe8+ Kh7 51. Bxb4 1-0

[Event "Ljubljana-chT 75th"]
[Site "Ljubljana"]
[Date "2023.03.09"]
[Round "7.1"]
[White "Keber, Aljosa"]
[Black "Markosek, Bine"]
[Result "0-1"]
[WhiteElo "1876"]
[BlackElo "1865"]
[PlyCount "62"]
[EventDate "2023.01.12"]
[EventType "team-swiss"]
[EventRounds "9"]
[EventCountry "SLO"]
[SourceTitle "EXT 2024"]
[Source "ChessBase"]
[SourceDate "2023.10.10"]
[SourceVersion "1"]
[SourceVersionDate "2023.10.10"]
[SourceQuality "1"]
[WhiteTeam "Komenda Pogi"]
[BlackTeam "Domzale SD"]
[WhiteTeamCountry "SLO"]
[BlackTeamCountry "SLO"]

1. d4 d5 2. c4 e6 3. Nf3 Nf6 4. Nc3 Be7 5. Bf4 0-0 6. e3 b6 7. Be2 Bb7 8. cxd5 Nxd5 9. Nxd5 Bxd5 10. 0-0 Nd7 11. Qc2 Bd6 12. Bg5 f6 13. Bh4 c5 14. e4 Bb7 15. e5 Be7 16. exf6 Bxf6 17. Bxf6 Qxf6 18. dxc5 Rac8 19. b4 bxc5 20. Qa4 Bxf3 21. Bxf3 Ne5 22. Be2 cxb4 23. Qxb4 Rc2 24. Rae1 Rxa2 25. f4 Rb2 26. Qc5 Ng6 27. Qxa7 Nxf4 28. Bf3 Qg6 29. g3 Qc2 30. Be2 Nxe2+ 31. Rxe2 Rxf1+ 0-1

[Event "Ljubljana-chT 75th"]
[Site "Ljubljana"]
[Date "2023.01.12"]
[Round "1.1"]
[White "Keber, Aljosa"]
[Black "Zidar, Jernej"]
[Result "0-1"]
[WhiteElo "1876"]
[BlackElo "1815"]
[PlyCount "48"]
[EventDate "2023.01.12"]
[EventType "team-swiss"]
[EventRounds "9"]
[EventCountry "SLO"]
[SourceTitle "EXT 2024"]
[Source "ChessBase"]
[SourceDate "2023.10.10"]
[SourceVersion "1"]
[SourceVersionDate "2023.10.10"]
[SourceQuality "1"]
[WhiteTeam "Komenda Pogi"]
[BlackTeam "Komenda Popotnik"]
[WhiteTeamCountry "SLO"]
[BlackTeamCountry "SLO"]

1. e4 c5 2. Nf3 d6 3. d4 Nf6 4. Nc3 cxd4 5. Nxd4 a6 6. Rg1 h5 7. Bg5 e6 8. Qd2 Nbd7 9. 0-0-0 Qc7 10. f4 b5 11. Re1 Bb7 12. e5 dxe5 13. fxe5 Nd5 14. Nxd5 Bxd5 15. Kb1 Bc5 16. Qd1 Qa5 17. Nb3 Bxb3 18. axb3 Bxg1 19. Bd3 Bc5 20. c3 b4 21. Qf3 Rc8 22. c4 Qc7 23. Qe4 Be7 24. Bf4 Nc5 0-1

[Event "SLO-chT Central 23rd"]
[Site "Slovenia"]
[Date "2022.11.17"]
[Round "9.1"]
[White "Hafner, Branko"]
[Black "Keber, Aljosa"]
[Result "0-1"]
[WhiteElo "1449"]
[BlackElo "1548"]
[PlyCount "74"]
[EventDate "2022.09.15"]
[EventType "team-swiss"]
[EventRounds "9"]
[EventCountry "SLO"]
[SourceTitle "EXT 2024"]
[Source "ChessBase"]
[SourceDate "2023.10.10"]
[SourceVersion "1"]
[SourceVersionDate "2023.10.10"]
[SourceQuality "1"]
[WhiteTeam "Menges Trzin II"]
[BlackTeam "Komenda Pogi"]
[WhiteTeamCountry "SLO"]
[BlackTeamCountry "SLO"]

1. e4 c5 2. f4 Nc6 3. Nf3 g6 4. c3 d5 5. e5 d4 6. d3 Bg7 7. Be2 Nh6 8. 0-0 0-0 9. h3 f6 10. exf6 exf6 11. Kh2 Be6 12. Nbd2 Nf5 13. Ne4 b6 14. Qa4 Rc8 15. c4 Nd6 16. Qc2 Nb4 17. Qb1 Nxe4 18. dxe4 d3 19. Rd1 Bxc4 20. b3 Bb5 21. a4 Ba6 22. Ba3 Qe7 23. Bxb4 dxe2 24. Bxc5 exd1Q 25. Qxd1 Rxc5 26. b4 Rd8 27. Qb3+ Bc4 28. Qe3 Rc7 29. Rb1 Bd3 30. Re1 Bxe4 31. Qxe4 Qxe4 32. Rxe4 f5 33. Re2 Rc4 34. a5 Rxb4 35. axb6 axb6 36. Ng5 h6 37. Ne6 Re8 0-1

[Event "SLO-chT Central 23rd"]
[Site "Slovenia"]
[Date "2022.10.27"]
[Round "6.1"]
[White "Keber, Aljosa"]
[Black "Kirasic, Branko"]
[Result "1/2-1/2"]
[WhiteElo "1548"]
[BlackElo "1938"]
[PlyCount "98"]
[EventDate "2022.09.15"]
[EventType "team-swiss"]
[EventRounds "9"]
[EventCountry "SLO"]
[SourceTitle "EXT 2024"]
[Source "ChessBase"]
[SourceDate "2023.10.10"]
[SourceVersion "1"]
[SourceVersionDate "2023.10.10"]
[SourceQuality "1"]
[WhiteTeam "Komenda Pogi"]
[BlackTeam "Visnja Gora Sticna"]
[WhiteTeamCountry "SLO"]
[BlackTeamCountry "SLO"]

1. e4 c5 2. Nf3 a6 3. c4 Nc6 4. d4 cxd4 5. Nxd4 Nf6 6. Nxc6 bxc6 7. Nc3 d6 8. Bg5 h6 9. Bxf6 gxf6 10. Be2 Bg7 11. Qa4 Qb6 12. Nd5 Qb7 13. Nb4 a5 14. Qxc6+ Qxc6 15. Nxc6 Bb7 16. Nd4 Bxe4 17. Bf3 Bxf3 18. Nxf3 f5 19. 0-0-0 Rb8 20. Nd4 f4 21. Rhe1 Kd7 22. Re2 a4 23. Nb5 Rhc8 24. Rc2 Rc5 25. Rd3 Rbc8 26. b3 Bf6 27. Nc3 axb3 28. axb3 Ra5 29. Nd5 Ra1+ 30. Kd2 Bg5 31. Ke2 Rb8 32. Kf3 f5 33. c5 dxc5 34. Nxf4+ Ke8 35. Rxc5 Rb1 36. Rxf5 R1xb3 37. Rxb3 Rxb3+ 38. Kg4 Rb4 39. g3 e6 40. Ra5 Bxf4 41. gxf4 Kf7 42. h4 Kf6 43. h5 Rb2 44. Ra7 Rxf2 45. Rh7 Rg2+ 46. Kf3 Rg1 47. Rxh6+ Kf5 48. Rh8 Rf1+ 49. Kg2 Ra1 1/2-1/2

[Event "SLO-chT1 West"]
[Site "Slovenia"]
[Date "2022.10.16"]
[Round "6.6"]
[White "Jelen, Miha"]
[Black "Keber, Aljosa"]
[Result "1-0"]
[WhiteElo "1851"]
[BlackElo "1548"]
[PlyCount "37"]
[EventDate "2022.10.07"]
[EventType "team-tourn"]
[EventRounds "9"]
[EventCountry "SLO"]
[SourceTitle "CBM 210 Extra"]
[Source "ChessBase"]
[SourceDate "2022.11.30"]
[SourceVersion "1"]
[SourceVersionDate "2022.11.30"]
[SourceQuality "1"]
[WhiteTeam "Ig"]
[BlackTeam "Komenda"]
[WhiteTeamCountry "SLO"]
[BlackTeamCountry "SLO"]

1. e4 c5 2. c3 d5 3. exd5 Qxd5 4. d4 Nc6 5. Nf3 Bf5 6. Be3 e6 7. c4 Qd7 8. Nc3 Rd8 9. d5 Nb4 10. Rc1 exd5 11. cxd5 a6 12. Qb3 Nf6 13. Na4 c4 14. Bxc4 b5 15. Nc5 Bxc5 16. Bxc5 Nc2+ 17. Rxc2 Bxc2 18. Qxc2 bxc4 19. Qe2+ 1-0

[Event "EU-ch Schools U13"]
[Site "Rhodes"]
[Date "2022.04.26"]
[Round "6"]
[White "Keber, Aljosa"]
[Black "Hasanli, Ziya"]
[Result "1-0"]
[WhiteElo "1511"]
[BlackElo "1555"]
[PlyCount "59"]
[EventDate "2022.04.21"]
[EventType "swiss"]
[EventRounds "9"]
[EventCountry "GRE"]
[SourceTitle "CBM 208 Extra"]
[Source "ChessBase"]
[SourceDate "2022.07.31"]
[SourceVersion "1"]
[SourceVersionDate "2022.07.31"]
[SourceQuality "1"]

1. e4 c5 2. Nf3 e6 3. d4 cxd4 4. Nxd4 Nf6 5. Nc3 Nc6 6. Ndb5 Bb4 7. a3 Bxc3+ 8. Nxc3 d5 9. Bd3 0-0 10. 0-0 h6 11. h3 Re8 12. Re1 dxe4 13. Nxe4 Nxe4 14. Bxe4 Qc7 15. c3 Bd7 16. Re3 f5 17. Bc2 f4 18. Rd3 Rad8 19. Bxf4 Qxf4 20. Rxd7 Rf8 21. f3 Qe3+ 22. Kh1 Rxd7 23. Qxd7 Rxf3 24. gxf3 Qxf3+ 25. Kg1 Qg3+ 26. Kf1 Qxh3+ 27. Ke1 Qe3+ 28. Kd1 Qg1+ 29. Kd2 Qxa1 30. Qe8# 1-0

[Event "EU-ch Schools U13"]
[Site "Rhodes"]
[Date "2022.04.25"]
[Round "5"]
[White "Gurer, Oguz Kagan"]
[Black "Keber, Aljosa"]
[Result "1/2-1/2"]
[WhiteElo "1690"]
[BlackElo "1511"]
[PlyCount "141"]
[EventDate "2022.04.21"]
[EventType "swiss"]
[EventRounds "9"]
[EventCountry "GRE"]
[SourceTitle "CBM 208 Extra"]
[Source "ChessBase"]
[SourceDate "2022.07.31"]
[SourceVersion "1"]
[SourceVersionDate "2022.07.31"]
[SourceQuality "1"]

1. e4 c5 2. Nf3 Nc6 3. d4 cxd4 4. Nxd4 g6 5. c4 Bg7 6. Be3 Nf6 7. Nc3 0-0 8. Be2 d6 9. 0-0 Bd7 10. f3 Nxd4 11. Bxd4 Bc6 12. b4 a5 13. b5 Be8 14. Nd5 Nd7 15. Bxg7 Kxg7 16. Qd4+ f6 17. Nf4 Bf7 18. Rfd1 Qb6 19. Rac1 Rac8 20. Rc2 g5 21. Nd5 Bxd5 22. Qxb6 Nxb6 23. exd5 Rc5 24. Rdc1 Rfc8 25. Bd3 Nd7 26. Bf5 R8c7 27. Bxd7 Rxd7 28. Kf2 b6 29. Ke3 Rdc7 30. Kd4 Kg6 31. a4 h6 32. Rh1 Rc8 33. h4 Rg8 34. Re2 Rc7 35. hxg5 hxg5 36. Re4 Kg7 37. f4 gxf4 38. Rxf4 Kf7 39. g4 Rcc8 40. Rh5 Ke8 41. Re4 Kd7 42. Rh7 Rce8 43. Ke3 Rh8 44. Rxh8 Rxh8 45. Kf4 Rh1 46. Ke3 Ke8 47. g5 fxg5 48. Rg4 Rh3+ 49. Ke4 Ra3 50. Rxg5 Rxa4 51. Kd4 Ra1 52. Rg8+ Kd7 53. Ra8 Rd1+ 54. Kc3 Re1 55. Kd2 Re5 56. Kd3 Kc7 57. Kd2 e6 58. dxe6 Rxe6 59. Rh8 d5 60. Kc3 dxc4 61. Kxc4 Re5 62. Rh7+ Kc8 63. Rh8+ Kd7 64. Rh7+ Re7 65. Rh6 Re6 66. Rh7+ Kd6 67. Rh4 Ke5 68. Rh5+ Kf4 69. Kd5 Rg6 70. Rh4+ Ke3 71. Rc4 1/2-1/2

[Event "EU-ch Schools U13"]
[Site "Rhodes"]
[Date "2022.04.22"]
[Round "2"]
[White "Sakmak, Kutay"]
[Black "Keber, Aljosa"]
[Result "1-0"]
[WhiteElo "1718"]
[BlackElo "1511"]
[PlyCount "103"]
[EventDate "2022.04.21"]
[EventType "swiss"]
[EventRounds "9"]
[EventCountry "GRE"]
[SourceTitle "CBM 208 Extra"]
[Source "ChessBase"]
[SourceDate "2022.07.31"]
[SourceVersion "1"]
[SourceVersionDate "2022.07.31"]
[SourceQuality "1"]

1. e4 c5 2. Nf3 Nc6 3. d4 cxd4 4. Nxd4 g6 5. Nc3 Bg7 6. Be3 Nf6 7. Bc4 0-0 8. Bb3 d6 9. f3 Bd7 10. 0-0 Nxd4 11. Bxd4 b5 12. Re1 Ne8 13. Bd5 Rc8 14. Bxa7 b4 15. Ne2 Bxb2 16. Rb1 Qc7 17. Be3 Bc3 18. Nxc3 Qxc3 19. Bd4 Qa3 20. Qd2 Nc7 21. Bb7 Rb8 22. Rxb4 Nb5 23. Bd5 Nxd4 24. Rxd4 Qc5 25. Kh1 Bb5 26. Bb3 Rfc8 27. h3 Rc7 28. e5 dxe5 29. Rd5 Qc3 30. Qxc3 Rxc3 31. Rexe5 Bc6 32. Rc5 Rxc5 33. Rxc5 Rb6 34. a4 Be8 35. Rc8 Kf8 36. a5 Ra6 37. Ba4 Rxa5 38. Rxe8+ Kg7 39. Bb3 e6 40. Rb8 Ra7 41. Kg1 Kf6 42. Kf2 Ke5 43. Ke3 Rd7 44. f4+ Kd6 45. g4 f5 46. Rb6+ Kc5 47. Rxe6 fxg4 48. hxg4 g5 49. f5 Rd1 50. f6 Re1+ 51. Kf2 Rxe6 52. Bxe6 1-0

[Event "Ljubljana-chT 74th"]
[Site "Ljubljana"]
[Date "2022.02.03"]
[Round "4.2"]
[White "Keber, Aljosa"]
[Black "Magerl, Zan"]
[Result "1/2-1/2"]
[WhiteElo "1247"]
[BlackElo "1305"]
[PlyCount "84"]
[EventDate "2022.01.13"]
[EventType "team-swiss"]
[EventRounds "9"]
[EventCountry "SLO"]
[SourceTitle "EXT 2024"]
[Source "ChessBase"]
[SourceDate "2023.10.10"]
[SourceVersion "1"]
[SourceVersionDate "2023.10.10"]
[SourceQuality "1"]
[WhiteTeam "Komenda Pogi"]
[BlackTeam "Dol"]
[WhiteTeamCountry "SLO"]
[BlackTeamCountry "SLO"]

1. e4 e5 2. Nf3 Nc6 3. Bb5 a6 4. Ba4 Nf6 5. 0-0 d6 6. d4 b5 7. Bb3 Bg4 8. c3 Be7 9. h3 Bh5 10. d5 Na5 11. Bc2 0-0 12. Nbd2 Nd7 13. g4 Bg6 14. b4 Nb7 15. Re1 Nb8 16. Nf1 a5 17. Ne3 axb4 18. cxb4 c5 19. dxc6 Nxc6 20. Nd5 h5 21. Qe2 hxg4 22. hxg4 Na7 23. Bd3 Rb8 24. Be3 Nc8 25. Bd2 Na7 26. Kg2 Qd7 27. Bxb5 Nxb5 28. Nxe7+ Qxe7 29. Qxb5 Nc5 30. Qc4 Ne6 31. a4 Rfc8 32. Qd3 Rxb4 33. Qd5 Rbc4 34. Rac1 R4c5 35. Rxc5 Nxc5 36. a5 Qc7 37. Ng5 Qc6 38. Qxc6 Rxc6 39. f3 f6 40. Nh3 Nb3 41. Bb4 Rc2+ 42. Nf2 Ra2 1/2-1/2

[Event "SLO-chT2 West"]
[Site "Komenda"]
[Date "2021.11.28"]
[Round "3.4"]
[White "Keber, Aljosa"]
[Black "Pavlin, Ivan"]
[Result "1/2-1/2"]
[WhiteElo "1160"]
[BlackElo "1821"]
[PlyCount "69"]
[EventDate "2021.11.27"]
[EventType "team-tourn"]
[EventRounds "7"]
[EventCountry "SLO"]
[SourceTitle "EXT 2024"]
[Source "ChessBase"]
[SourceDate "2023.10.10"]
[SourceVersion "1"]
[SourceVersionDate "2023.10.10"]
[SourceQuality "1"]
[WhiteTeam "Komenda SK II"]
[BlackTeam "Jesenice Acroni"]
[WhiteTeamCountry "SLO"]
[BlackTeamCountry "SLO"]

1. e4 e6 2. Nf3 c5 3. d4 cxd4 4. Nxd4 a6 5. Nc3 d6 6. Be3 Nf6 7. f3 Qc7 8. Qd2 Nc6 9. 0-0-0 Ne5 10. g4 Nc4 11. Bxc4 Qxc4 12. e5 Nd5 13. Nxd5 Qxd5 14. exd6 Bxd6 15. Nf5 Qxd2+ 16. Rxd2 exf5 17. Rxd6 fxg4 18. fxg4 0-0 19. g5 Be6 20. Rhd1 Rac8 21. a4 Bf5 22. c3 Rfe8 23. Bb6 Bg4 24. R1d2 Re1+ 25. Kc2 Bf5+ 26. Kb3 Be6+ 27. Kc2 Bf5+ 28. Kb3 Rce8 29. Rd8 h6 30. gxh6 gxh6 31. Rxe8+ Rxe8 32. Rd8 Rxd8 33. Bxd8 Kg7 34. Kb4 Bg6 35. Kc5 1/2-1/2

[Event "SLO-chT Central 22nd"]
[Site "Slovenia"]
[Date "2021.10.14"]
[Round "5.4"]
[White "Keber, Aljosa"]
[Black "Filippovskiy, Nikita"]
[Result "1/2-1/2"]
[WhiteElo "1062"]
[BlackElo "1532"]
[PlyCount "99"]
[EventDate "2021.09.16"]
[EventType "team-tourn"]
[EventRounds "7"]
[EventCountry "SLO"]
[SourceTitle "EXT 2024"]
[Source "ChessBase"]
[SourceDate "2023.10.10"]
[SourceVersion "1"]
[SourceVersionDate "2023.10.10"]
[SourceQuality "1"]
[WhiteTeam "Komenda Pogi"]
[BlackTeam "Menges Trzin"]
[WhiteTeamCountry "SLO"]
[BlackTeamCountry "SLO"]

1. e4 c5 2. Nf3 Nc6 3. d4 cxd4 4. Nxd4 g6 5. c4 Bg7 6. Be3 Nf6 7. Nc3 0-0 8. f3 d6 9. Qd2 Nxd4 10. Bxd4 Bd7 11. Nd5 e5 12. Be3 Be6 13. Be2 b6 14. 0-0 Rc8 15. Rac1 h5 16. Rfd1 Nxd5 17. cxd5 Bd7 18. Ba6 Rxc1 19. Rxc1 f5 20. Qc3 f4 21. Bf2 Qg5 22. h4 Qf6 23. Qc7 Rf7 24. Qxa7 g5 25. Rc7 Be8 26. Rxf7 Bxf7 27. Qxb6 g4 28. Qc7 g3 29. Bb6 Qxh4 30. Qd8+ Qxd8 31. Bxd8 Bf8 32. b4 Bg7 33. b5 Bxd5 34. exd5 e4 35. fxe4 Bd4+ 36. Kf1 Kf7 37. b6 h4 38. b7 h3 39. b8Q h2 40. Qb7+ Kg8 41. Ke2 h1Q 42. Kf3 Qh5+ 43. Kxf4 Qe5+ 44. Kf3 Qh5+ 45. Kxg3 Be5+ 46. Kf2 Qg4 47. Qb3 Bd4+ 48. Kf1 Qf4+ 49. Qf3 Qc1+ 50. Ke2 1/2-1/2

[Event "SLO-chT Central 22nd"]
[Site "Slovenia"]
[Date "2021.09.23"]
[Round "2.4"]
[White "Juvan, Vid"]
[Black "Keber, Aljosa"]
[Result "1-0"]
[WhiteElo "1000"]
[BlackElo "1062"]
[PlyCount "77"]
[EventDate "2021.09.16"]
[EventType "team-tourn"]
[EventRounds "7"]
[EventCountry "SLO"]
[SourceTitle "EXT 2024"]
[Source "ChessBase"]
[SourceDate "2023.10.10"]
[SourceVersion "1"]
[SourceVersionDate "2023.10.10"]
[SourceQuality "1"]
[WhiteTeam "Ljubljana SK"]
[BlackTeam "Komenda Pogi"]
[WhiteTeamCountry "SLO"]
[BlackTeamCountry "SLO"]

1. e4 c6 2. d4 d5 3. Nc3 dxe4 4. Nxe4 Nd7 5. Nf3 Ngf6 6. Nxf6+ Nxf6 7. Be2 Bg4 8. 0-0 e6 9. h3 Bh5 10. Bf4 Bd6 11. Ne5 Bxe2 12. Qxe2 0-0 13. Rfd1 Qe7 14. Rd3 Nd5 15. Bg3 f6 16. Nc4 Nf4 17. Qe4 g5 18. Re3 f5 19. Qf3 Rad8 20. Nxd6 Qxd6 21. c3 Rf6 22. Re5 Ng6 23. Ra5 Nh4 24. Qh5 f4 25. Rxg5+ Ng6 26. Bh4 Kh8 27. Rxg6 Rxg6 28. Bxd8 Qxd8 29. Qe5+ Kg8 30. Qxf4 Qd5 31. g3 h5 32. h4 Qd8 33. Re1 Kh7 34. Qf7+ Kh6 35. Rxe6 Rxe6 36. Qxe6+ Kg7 37. Qe5+ Kg6 38. f4 Qd5 39. Qg5+ 1-0